Представление документа в формате RUSMARC

ПолеНазваниеЗначение
  Тип записи c
  Библиографический уровень m
001 Контрольный номер UONB/MAIN/8b1f9029428c4d538c090c346ed01d5c
005 Дата корректировки 20250529143421.0
010 Индекс ISBN __
9 Тираж 10000 экз.
013 Номер (ISMN) __
d Цена 1 р. 50 к.
071 Издательские номер (звукозапись и ноты) 21
a Номер, присвоенный агентством 27997
100 Данные общей обработки __
a Данные общей обработки 20250529d1959 u y0rusy0189 ca
101 Язык документа 0_
a Язык текста rus
f Язык титульного листа rus
102 Страна публикации __
a Страна публикации RU
125 Кодированные данные звукозаписи и нотных изданий __
a Форма изложения нотного текста с|
128 Кодированные данные (звукозаписи-физические характеристики) __
a Кодированные данные: Музыкальная форма и тональность или лад zz
c Инструменты или голоса, рекомендуемые для солистов (устаревшее) kt||
200 Заглавие и сведения об ответственности 1_
a Заглавие Блюз
e Сведения, относящиеся к заглавию на мотивы из кинофильма "Моя любовь"
f Первые сведения об ответственности И. Дунаевский
203 Вид содержания и тип средства __
a Вид содержания Музыка
b Характеристика содержания знаковая
c Тип средства непосредственная
210 Выходные данные 1_
a Место издания Москва
c Издательство Музгиз
d Дата издания 1959
215 Физическое описание __
a Объем 11 с. включ. обл.
d Формат 29 см
225 Серия 1_
a Серия Библиотека аккордеониста
v Обозначение тома [№] 45
423 Издается в одной обложке с ... _0
1 700 1
a Марьин
b А. И.
g Анитолий Иванович
1 2001
a Фокстрот
f А. Марьин
1 2101
a Москва
c Музгиз
d 1959
500 Унифицированное заглавие 10
a Унифицированное заглавие Моя любовь
606 Тематические рубрики 0_
a Основная рубрика Аккордеон
x Основная подрубрика Переложения для аккордеона
610 Ключевые слова 0_
a Ключевые слова аккордеон; переложения для аккордеона
686 Индексы других классификаций __
a Классификационный индекс 85.954.7(2)я43
2 Код системы rubbk
700 Автор _1
a Фамилия Дунаевский
b Имя (инициалы) И. О.
g Полное личное имя Исаак Осипович
801 Источник записи _0
a Страна RU
b Организация Ульяновская ОНБ
c Дата составления 20250529
g Правила каталогизации RCR
801 Источник записи _1
a Страна RU
b Организация Ульяновская ОНБ
c Дата составления 20250529
g Правила каталогизации RCR
901 Тип документа __
t Тип документа m
909 Создатель записи __
a Создатель записи Никитина Т. А.
b Дата создания записи 20250529